000
00384nam a22001697a 4500
003
MPLRDC
005
20220104125710.0
008
210129b ||||| |||| 00| 0 eng d
082
_a
097 ZYCB
100
_a
不详
245
_a
四书读本
_c
260
_a
_b
智扬出版社
_c
1992
300
_b
精
490
_a
国学基本丛书
650
_a
四书
942
_c
BK
_o
097 ZYCB
999
_c
29437
_d
29427